00657nam a2200145 a 450000100100000000500170001000800410002704000250006824501400009326000800023330000210031371000550033495201050038999900170049400003563820200930074507.0111107s1901 ag 000 0 spa d aDO-SdBNPbspacBNPHU00aCatálogo de documentos del archivo de Indias en Sevilla referentes á la historia historia de la República de Argentina 1514-1810. aBuenos Aires :bTaller tipográfico de la Penitenciaría Nacional,c1901. a640 p. ;c27 cm.1 aMinisterio de Relaciones Exteriores y Culto961555 001050718MOaGRbGRcCTd2011-11-07iLF1l0o p35638-10r2020-06-25w2020-06-25y1ZNo se presta c35129d35129